000 01894nam a2200421 4500
005 20200104041744.0
008 160516s2015 ck ado||r|||| 00| 0 spa d
020 _a9789588889436
040 _aCO-BoIAVH
_cCO-BoIAVH
041 0 _aspa
044 _ack
082 0 4 _a363.70525
_bM91h
100 1 _aMosquera, Sandra Liliana
_eautor
245 1 0 _aHumedales para la gente
_bvisiones desde lo local /
_cSandra Liliana Mosquera, Olga Nieto y Carlos Tapia
260 _aBogotá :
_bInstituto de Investigación de Recursos Biológicos Alexander von Humboldt,
_c2015.
300 _a98 páginas :
_bilustraciones, gráficas, tablas y fotografías a color ;
_c22 x 21 cm.
504 _aIncluye referencias bibliográficas (páginas 94-98).
505 0 _aLa importancia de los humedales para las comunidades locales y su bienestar en Colombia.
505 0 _aEl diálogo de saberes como escenario de aprendizaje para la gestión de humedales en Colombia.
505 0 _aPercepción local de los humedales.
505 0 _aAnotaciones y memoria.
505 0 _aMesas de trabajo por regiones biogeográficas.
505 0 _aManifiesto por los humedales de Colombia.
505 0 _aAprendizajes y recomendaciones.
650 1 4 _aHumedales
650 2 4 _aConocimiento tradicional
_zColombia
650 2 4 _aComunidades indígenas
650 2 4 _aComunidades negras
650 2 6 _aComunidades de pescadores
650 2 6 _aCampesinado
650 2 6 _aProtección ambiental
_xparticipación de los ciudadanos
650 2 4 _aProtección ambiental
_xparticipación ciudadana
650 2 6 _aConocimiento indígena
_zColombia
700 1 _aNieto, Olga
_eautora
700 1 _aTapia, Carlos
_eautor
710 2 _aInstituto de Investigación de Recursos Biológicos Alexander von Humboldt.
942 _2ddc
_cLIBRO
_02
999 _c18563
_d18563